Страны по Сырам - Statistics

General Stats
  • This quiz has been taken 155 times
  • The average score is 7 of 17
Answer Stats
Picture Hint Answer % Correct
Пармезан (Пармиджано-реджано) Италия
98%
Адыгейский Россия
71%
Рокфор Франция
65%
Фета Греция
64%
Сулугуни Грузия
63%
Тильзитер (Гольштейнер) Германия
55%
Грюйер Швейцария
53%
Дублинер Ирландия
47%
Чеддер Великобритания
39%
Гауда Нидерланды
37%
Манченго Испания
28%
Гуцульская вурда Украина
26%
Лимбургер Бельгия
25%
Оахака Мексика
16%
Оштьепок Словакия
15%
Ливаньский сыр Босния и Герцеговина
12%
Хаварти Дания
9%
No matching quizzes found
Score Distribution
Percent of People with Each Score
Percentile by Number Answered
Your Score History
You have not taken this quiz